000
00220 a2200097 4500
001
48464
100
_a
Mitchell, J.B
245
_a
Historical geography
260
_a
London
_b
English univ press
_c
090
_c
31400
_d
31400
942
_a
NUST-CAE
_c
M
_c
23782
999
_c
283537
_d
283537